Word Ladder: ¡Three Amigos! Quiz Stats

 Plays Quiz Updated Jun 24, 2017

Support Sporcle.
Go Orange.
Score 0/24 Timer 04:00
3 Plays Today
Clue 5-Letter Word % Correct
What push might come toSHOVE
95%
CoastlineSHORE
94.5%
✪✪✪ Martin who plays one of the Three Amigos ✪✪✪
Vertically challenged
✪✪✪ SHORT ✪✪✪
92.6%
Television programsSHOWS
92.1%
✪✪✪ Martin who plays one of the Three Amigos ✪✪✪
Jobs or Winwood
✪✪✪ STEVE ✪✪✪
90.5%
Franklin's invention, Coleman's productSTOVE
90%
Like taffy or nougatCHEWY
89.4%
✪✪✪ First name of actor who plays one of the Three Amigos ✪✪✪
Corvette manufacturer
✪✪✪ CHEVY ✪✪✪
89.1%
Dogs with blue-black tonguesCHOWS
88%
Chases awaySHOOS
87.2%
Unit of bambooSHOOT
86.1%
✪✪✪ Last name of actor who plays one of the Three Amigos ✪✪✪
A pursuit, sometimes featuring wild geese
✪✪✪ CHASE ✪✪✪
84.6%
Clue 5-Letter Word % Correct
Homophone of 'to select'CHEWS
83.6%
Burn just a bitSINGE
74.5%
Door fastenerHINGE
74.4%
Tool for spaghetti cooker or 49erSIEVE
73.7%
Not the chorusVERSE
73.4%
All-out attackSIEGE
71.6%
To put a stop toCEASE
71.3%
A prehistoric monument, perhaps made of stoneHENGE
70.8%
What schoolyard bullies doTEASE
70%
Cusp; BrinkVERGE
69.8%
Very curtTERSE
69.2%
To deliver retribution, archaically VENGE
64.6%

Today's Daily Dose

You're not logged in!

Compare scores with friends on all Sporcle quizzes.
OR
Log In
Forgot?

From the Vault

Words in States

by LTH

We have to wonder, does this quiz improve your vocabulary or your geography?
Remove Ads.
Support Sporcle.
Get the best of Sporcle when you Go Orange. This ad-free experience offers more features, more stats, and more fun while also helping to support Sporcle. Thank you for becoming a member.

Show Comments

Extras

Top Quizzes Today


Score Distribution

Your Account Isn't Verified!

In order to create a playlist on Sporcle, you need to verify the email address you used during registration. Go to your Sporcle Settings to finish the process.

Report this User

Report this user for behavior that violates our Community Guidelines.

Details: